000 00288nam a2200109Ia 4500
008 220204s9999 xx 000 0 und d
082 _a678.5(058)
_bBHU
245 0 _aAll India Plastics directory, 1990
260 _aCalcutta
_bIndian Plastics
_c1990
700 _aBhutoria, S C
942 _cBK
999 _c40007
_d40007